ბათუმის შოთა რუსთაველის სახელმწიფო უნივერსიტეტის ბიბლიოთეკა

Pontica-Mediterranea. [კრებული 1] / (ბიბ.ჩანაწერი № 60669)

000 -LEADER
fixed length control field 00943nam a22002057a 4500
005 - DATE AND TIME OF LATEST TRANSACTION
control field 20231005111335.0
008 - FIXED-LENGTH DATA ELEMENTS--GENERAL INFORMATION
fixed length control field 231005s1999 enk||||| |||| 00| 0 eng d
020 ## - INTERNATIONAL STANDARD BOOK NUMBER
International Standard Book Number 9992800186
041 ## - LANGUAGE CODE
Language code of text/sound track or separate title eng
080 ## - UNIVERSAL DECIMAL CLASSIFICATION NUMBER
Universal Decimal Classification number 327.72+ 339.9(4:5) P-82
245 ## - TITLE STATEMENT
Title Pontica-Mediterranea. [კრებული 1] /
Statement of responsibility, etc. რედკოლ.: ბონდო კუპატაძე (მთ. რედ.) და სხვ.]; თსუ, გაეროს ასოციაცია, საქ. ქსელი, ახალგ. გაერო.
264 ## - PRODUCTION, PUBLICATION, DISTRIBUTION, MANUFACTURE, AND COPYRIGHT NOTICE
Place of production, publication, distribution, manufacture თბილისი,
Date of production, publication, distribution, manufacture, or copyright notice 1999.
300 ## - PHYSICAL DESCRIPTION
Extent 112 გვ. ;
Other physical details 20 სმ.
500 ## - GENERAL NOTE
General note თავფ. ინგლ. ენ. ; ტექსტი ქართ. და ინგლ. ენ.
653 ## - INDEX TERM--UNCONTROLLED
keyword გაერო
653 ## - INDEX TERM--UNCONTROLLED
keyword ბისეკი
653 ## - INDEX TERM--UNCONTROLLED
keyword ტრასეკა
700 ## - ADDED ENTRY--PERSONAL NAME
Personal name კუპატაძე, ბონდო
Relator term რედაქტორი
9 (RLIN) 20002
942 ## - ADDED ENTRY ELEMENTS (KOHA)
Source of classification or shelving scheme
Koha item type წიგნი
ეგზემპლარები
Withdrawn status Lost status Source of classification or shelving scheme Damaged status Not for loan Permanent Location Current Location Shelving location Date acquired Cost, normal purchase price Full call number Barcode Date last seen Copy number Uniform Resource Identifier Price effective from Koha item type Public note
          ბათუმის შოთა რუსთაველის სახელმწიფო უნივერსიტეტის მთავარი ბიბლიოთეკა ბათუმის შოთა რუსთაველის სახელმწიფო უნივერსიტეტის მთავარი ბიბლიოთეკა წიგნსაცავი 2023-10-05 5.00 327.72+ 339.9(4:5) P-82 65259 2023-10-05 65259 ბსუ-ს საპატიო დოქტორის გურამ ლორთქიფანიძის საჩუქარი 2023-10-05 წიგნი 5 ლ.